00543cam a2200217 4500001000800000005001700008008004100025010001700066020001500083040001800098041000800116080001600124082001600140100000700156101000800163245003900171504004100210906004500251942001200296999001700308362248720180301071917.0740620s1974 nyua b 001 0 eng  a 74002670  a0060440376 aDLCcDLCdDLC aeng a808.5 CLA00a808.5 CLA1 a44 aART14aThe liberal art of interpretation. aIncludes bibliographical references. a7bcbccorignewd1eocipf19gy-gencatlg 2ddccBK c43830d43830